Statistics for 40 Longest Capital Names Quiz

Click here to take the quiz!

General Stats

  • This quiz has been taken 186 times
    (142 since last reset)
  • The average score is 23 of 40

Answer Stats

# of LettersCapital% Correct
12Washington, D.C.
83%
10Mexico City
81%
11Buenos Aires
80%
13Guatemala City
79%
17Bandar Seri Begawan
73%
11Port-au-Prince
73%
14Luxembourg City
71%
10Panama City
71%
11Kuala Lumpur
70%
11Ulaan Baatar
68%
12Antananarivo
67%
11Port of Spain
66%
24Sri Jayawardenapura Kotte
66%
10Wellington
65%
14Andorra la Vella
63%
11Vatican City
63%
10Addis Ababa
62%
11Brazzaville
62%
10Montevideo
62%
12Santo Domingo
62%
11Tegucigalpa
62%
11Ouagadougou
61%
11San Salvador
61%
10Copenhagen
60%
10Kuwait City
60%
12Yamoussoukro
57%
10Georgetown
55%
10Bratislava
53%
10Nouakchott
53%
10Paramaribo
53%
10Bridgetown
50%
12Bloemfontein
47%
10Libreville
47%
12Saint George's
47%
10Saint John's
42%
10Basseterre
39%
11South Tarawa
38%
12Djibouti City
18%
10Valparaíso
5%
13Yaren District
3%

Score Distribution

Percentile by Number Answered

Percent of People with Each Score

Your Score History

You have not taken this quiz since the last reset